| 000 | 01334cam a2200241 4500 | ||
|---|---|---|---|
| 001 | WB@3612-274 | ||
| 008 | 040916n2004 000 0 eng u | ||
| 035 | _a(Sirsi) u127438 | ||
| 245 | _aNew funding for solar energy | ||
| 260 | _c2004 | ||
| 490 |
_aDTI Press Release _v(P/2004/342) 15 September 2004 (2) |
||
| 520 | _aFunding of £8.5m has been announced for schools, houses and commercial buildings to encourage more energy production from solar panels and small-scale renewables. The funding is part of the Major Photovoltaics Programme and brings the total invested under this banner to £31m. Communitites, not-for-profit organisations and households will also benefit from new funding to extend the Clear Skies initiative for a further year, bringing the total funding up to £12.5m. These grants are available for a variety of renewable technologies. For further information see the DTI website: http://www.dti.gov.uk/. http://www.gnn.gov.uk/environment/detail.asp?Relea seID=129713&NewsAreaID=2&NavigatedFromDepartment=F alse | ||
| 590 | _aWB | ||
| 590 | _aWB | ||
| 650 | _aRENEWABLE ENERGY PROJECTS | ||
| 650 | _aSUSTAINABLE DEVELOPMENT | ||
| 650 | _aRENEWABLE ENERGY | ||
| 650 | _aSOLAR ENERGY | ||
| 650 | _aPHOTOVOLTAIC SYSTEMS | ||
| 650 | _aGOVERNMENT FUNDING | ||
| 690 |
_aENERGY _96237 |
||
| 942 | _n0 | ||
| 999 |
_c118013 _d118013 |
||